000
00316nam a22001337a 4500
008
171124b xxu||||| |||| 00| 0 eng d
020
_a
1591470597
041
_a
eng
080
_a
159.9
100
_a
49
101
_a
PSI
245
_a
FROM CHILD SEXUAL TO ADULT SEXUAL RISK
_c
KOENING.L.J
942
_2
udc
_c
BK
999
_c
38502
_d
38502